| 000 | 00465nam a2200157Ia 4500 | ||
|---|---|---|---|
| 008 | 160316s1987 xxu||||| |||| 00| 0 eng d | ||
| 082 |
_a346.066000 _bGOY |
||
| 100 | _aGoyle L C | ||
| 245 | _aLaw and practice of company winding up | ||
| 250 | _a | ||
| 260 |
_aCalcutta _bEastern Law House _c1987 |
||
| 300 |
_a926p _b _c |
||
| 365 | _bRs.228/- | ||
| 650 | _a1.Company Law - Practice - Winding up - India 2.Company Winding up - Law - Practice - India | ||
| 700 |
_a _a |
||
| 999 |
_c6550 _d6550 |
||